| 000 | 01029nam a2200313 a 4500 | ||
|---|---|---|---|
| 999 |
_c23259 _d23259 |
||
| 001 | vtls008422592 | ||
| 005 | 20220615113219.0 | ||
| 008 | 160610s2005 xo o e p 000 0 slo | ||
| 020 | _a8010008184 (brož.) | ||
| 035 | _aBAAA8A9A-6EA3-44BF-832C-3AC3072BAD29 | ||
| 035 | _aurn:nbn:sk:snk-aml1w8 | ||
| 035 | _aurn:nbn:sk:snk-am008mjn | ||
| 040 |
_aSNK _bslo _cSNK |
||
| 041 | 0 | _aslo | |
| 044 |
_axo _cSK |
||
| 072 | 7 |
_a339.3 _xVnútorný obchod _2konspekt |
|
| 080 |
_a658.811 _2MDT-MRF |
||
| 080 |
_a(075.3) _2MDT-MRF |
||
| 080 |
_a339.37 _2MDT-MRF |
||
| 100 | 1 |
_aGolanová, Sidónia _93128 |
|
| 245 | 1 | 0 |
_aObchodná prevádzka pre 1. ročník stredných odborných učilíšť _cSidónia Golanová |
| 250 | _a1. vyd. | ||
| 260 |
_aBratislava _bSlovenské pedagogické nakladateľstvo _c2005 |
||
| 300 |
_a112 s. _bfareb. fotogr. _c20 cm |
||
| 500 | _aIlustr. na tit. strane | ||
| 650 | 0 | 7 |
_amaloobchod _2SNKPH _93129 |
| 650 | 0 | 7 |
_amanažment predaja _2SNKPH _93130 |
| 655 | 7 |
_aučebnice stredných škôl _2SNKPH _93131 |
|